[Event "GER-chT North U12"]
[Site "Magdeburg"]
[Date "2014.09.12"]
[Round "3.4"]
[White "Hesse, Sebastian"]
[Black "Darowski, Janek Wilhelm"]
[Result "0-1"]
[WhiteElo "787"]
[BlackElo "1080"]
[PlyCount "86"]
[EventDate "2014.09.11"]
[EventType "team-swiss"]
[EventRounds "7"]
[EventCountry "GER"]
[SourceTitle "EXT 2016"]
[Source "ChessBase"]
[SourceDate "2015.10.08"]
[SourceVersion "1"]
[SourceVersionDate "2015.10.08"]
[SourceQuality "1"]
[WhiteTeam "Roland Weissenfels"]
[BlackTeam "Ruedersdorf"]
[WhiteTeamCountry "GER"]
[BlackTeamCountry "GER"]

1. e4 d5 2. exd5 Qxd5 3. Nc3 Qa5 4. Bc4 Nf6 5. Nf3 Bg4 6. 0-0 e6 7. h3 Bh5 8. a3 Bc5 9. d3 c6 10. Bg5 Nd5 11. Bxd5 cxd5 12. d4 Bd6 13. Qd3 h6 14. Ne5 hxg5 15. Qe3 f6 16. Nd3 Bf7 17. b4 Qc7 18. Nb5 Qd7 19. Nc3 Nc6 20. b5 Na5 21. Rab1 Nc4 22. Qe1 Nxa3 23. Rb3 Nxc2 24. Qe2 Nxd4 25. Qb2 Nxb3 26. Qxb3 Bc7 27. Re1 Qd6 28. g3 Rxh3 29. Ne2 Qb6 30. Rb1 Bxg3 31. Kg2 Rh4 32. Nxg3 Rc8 33. Rc1 Rcc4 34. Rf1 Bg6 35. Ne1 Be4+ 36. f3 Bf5 37. Nxf5 exf5 38. Qd3 Qxb5 39. Qe2+ Kf7 40. Rf2 Qc5 41. Nc2 Qd6 42. Nd4 Qh2+ 43. Kf1 Qh1# 0-1

[Event "GER-chT North U12"]
[Site "Magdeburg"]
[Date "2014.09.12"]
[Round "4.4"]
[White "Schiewe, Nadine"]
[Black "Hesse, Sebastian"]
[Result "0-1"]
[WhiteElo "832"]
[BlackElo "787"]
[PlyCount "52"]
[EventDate "2014.09.11"]
[EventType "team-swiss"]
[EventRounds "7"]
[EventCountry "GER"]
[SourceTitle "EXT 2016"]
[Source "ChessBase"]
[SourceDate "2015.10.08"]
[SourceVersion "1"]
[SourceVersionDate "2015.10.08"]
[SourceQuality "1"]
[WhiteTeam "Gross Schoenebeck"]
[BlackTeam "Roland Weissenfels"]
[WhiteTeamCountry "GER"]
[BlackTeamCountry "GER"]

1. e4 e5 2. Nf3 Nc6 3. Bc4 Nf6 4. Nc3 a6 5. d3 b5 6. Bb3 Bc5 7. 0-0 0-0 8. Bg5 h6 9. Bh4 Be7 10. d4 exd4 11. Nxd4 Nxd4 12. Qxd4 Ng4 13. e5 Bxh4 14. Qxg4 d5 15. Bxd5 Bxg4 16. Bxa8 Qxa8 17. Rfe1 Qa7 18. Re4 Qxf2+ 19. Kh1 Bf5 20. Re2 Qf4 21. g3 Qf3+ 22. Rg2 Bg5 23. Rd1 Bxc2 24. Rd4 Be3 25. Rd7 Qf1+ 26. Rg1 Qxg1# 0-1